Analýza aktuárskych modelov v podmienkach poistného trhu na Slovensku

Gespeichert in:
Bibliographische Detailangaben
1. Verfasser: Škrovánková, Petra, 1981-
Format: Buchkapitel
Sprache:Slowakisch
Tags: Tag hinzufügen
Keine Tags, Fügen Sie das erste Tag hinzu!

MARC

LEADER 00000nla$a2200000$$$4500
001 0115681
005 20240502072304.9
041 0 |a slo 
044 |a SK 
245 1 0 |a Analýza aktuárskych modelov v podmienkach poistného trhu na Slovensku  |c Petra Škrovánková 
100 1 |a Škrovánková, Petra, 1981-